000 00297nam a22001217a 4500
008 170616b xxu||||| |||| 00| 0 eng d
041 _aeng
080 _a94(7/8)
100 _a16
101 _aSHH
245 _aTHE FISCAL IMPACT OF FEDERALISM IN THE UNITED STATES
_cMAXWELL,J.A
942 _2udc
_cBK
999 _c17677
_d17677